000 00710nam a2200253Ia 4500
001 Para_6583
003 CHAP
008 220125s1999 xx 000 0 und d
010 _a205109
040 _cCHAP
090 _aPA FOLLETO 586
245 _aTrees for Rovisiana lanscapes a handbook /
_c by Lousiana Cooperativ Extension Service
260 _aLouisiana :
_b Univerity Agricultural Center
300 _a67 p.
650 _aArboles
_982433
700 _aLouisiana Cooperative Extension Service
_9171058
901 _aPA FOLLETO 586
902 _aA
905 _a00000019-- a 0000000000 00
910 _a19--
942 _cPARA
942 _cPARA
_d1
999 _c205109
_d205109